000 00922nam1a22002531i 4500
001 v19\rc\1572170
005 20240723082835.0
035 _a(NLR Aleph) 004701155
090 _a4069454
_c4069454
100 _a20061002d1892 |||y0rusy50 ca
101 0 _arus
102 _aRU
105 _ay j |||||
200 1 _aКурс гидротехнических сооружений
_eЛекции, чит. в Технол. ин-те имп. Николая I в 1891-1892 г. Ч. 1-
_f[А.М. Самусь]
210 _aСанкт-Петербург
_cлит. Богданова
_d[1892]
215 _d28
309 _aНаписано от руки. Литогр.
700 1 _aСамусь
_bА.М.
_f1856-1936
_gАлександр Максимович
801 0 _aRU
_bNLR
_gpsbo
801 0 _aRU
_bRuMoRGB
_2psbo
801 1 _aRU
_bProSoft-M
_2rusmarc
852 _aNLR
_j18.77.7.23
899 _aRuMoRGB
_jR 439/177
942 _cBOOK